Očista /
Zanechá vaše povrchy zářivě lesklé. Ale může vás také nechat mrtvé... Hrdinkou thrilleru anglické autorky je jedna poněkud netypická uklízečka.
Uloženo v:
| Hlavní autor: | |
|---|---|
| Další autoři: | |
| Médium: | E-kniha |
| Jazyk: | Czech |
| Vydáno: |
Praha :
Baronet,
2024
|
| Vydání: | 1. vydání |
| Témata: | |
| Tagy: |
Žádné tagy |
| LEADER | 02680nam a2200433 i 4500 | ||
|---|---|---|---|
| 001 | 312507 | ||
| 003 | CZ PrSKC | ||
| 005 | 20260601215723.0 | ||
| 007 | ta | ||
| 008 | 240930s2024 xr g 000 f cze | ||
| 015 | |a cnb003633943 | ||
| 020 | |a 9788026924258 |q (brožováno) : |c Kč 469,00 | ||
| 035 | |a (OCoLC)1477947889 | ||
| 040 | |a ABG001 |b cze |e rda | ||
| 041 | 1 | |a cze |h eng | |
| 072 | 7 | |a 821.111-3 |x Anglická próza, anglicky psaná |2 Konspekt | |
| 080 | |a 821.111-31 |2 MRF | ||
| 080 | |a (0:82-312.4) |2 MRF | ||
| 100 | 1 | |a Baker, Tina, |d 1958- |7 xx0323376 |4 aut | |
| 240 | 1 | 0 | |a Make me clean. |l Česky |
| 245 | 1 | 0 | |a Očista / |c Tina Baker ; z anglického originálu Make me clean ... přeložil Jiří Chodil |
| 250 | |a 1. vydání | ||
| 264 | 1 | |a Praha : |b Baronet, |c 2024 | |
| 300 | |a 351 stran ; |c 20 cm | ||
| 336 | |a text |b txt |2 rdacontent | ||
| 337 | |a bez média |b n |2 rdamedia | ||
| 338 | |a svazek |b nc |2 rdacarrier | ||
| 520 | 2 | |a Zanechá vaše povrchy zářivě lesklé. Ale může vás také nechat mrtvé... Hrdinkou thrilleru anglické autorky je jedna poněkud netypická uklízečka. |b Maria je skvělá uklízečka. Uklízí pro Elsie, která má příšerného manžela. Uklízí pro Briana, milého muže s příšerným šéfem. Uklízí pro záhadného pana Balogana s příšernými sousedy. Jestli přemýšlíte o tom, že ji zaměstnáte, měli byste vědět, že Maria možná zabila příšerného manžela, příšerného šéfa a příšerné sousedy. Možná taky zabila muže, kterého milovala. Neměla samozřejmě v úmyslu někoho zabít, ale její klienti si ji najali, aby jim uklidila v jejich životech, a ona vzala svůj úkol vážně - nemluvě o tom, že jsou její klienti nyní šťastnější. Problém je, že vraždu nemůžete jen tak smýt. Můžete ji jen zamést pod koberec a doufat, že se nikdo nebude dívat příliš důkladně... Nakladatelská anotace. | |
| 655 | 7 | |a anglické romány |7 fd131814 |2 czenas | |
| 655 | 7 | |a thrillery (romány) |7 fd184206 |2 czenas | |
| 655 | 9 | |a English fiction |2 eczenas | |
| 655 | 9 | |a thrillers (novels) |2 eczenas | |
| 700 | 1 | |a Chodil, Jiří, |d 1963- |7 jn20000810174 |4 trl | |
| 900 | |a ABA001 |b 20 | ||
| 928 | 9 | |a Albatros Media - Baronet | |
| 044 | |a xr | ||
| 910 | |a RBIT002 | ||
| 998 | |d 414257 |a https://core.palmknihy.cz/api/books/414257/cover?sjzi8g |b https://core.palmknihy.cz/api/books/414257/cover/400?sjzi8g |c https://core.palmknihy.cz/api/books/414257/cover/50?sjzi8g |e 2028-03-13 |g 352 |i 9788026924258 |j https://core.palmknihy.cz/api/books/414257/preview.epub |k https://core.palmknihy.cz/api/books/414257/preview.pdf |l |q 49 |r 1 |s https://www.palmknihy.cz/kniha/414257 |t ebook |y 2024 |z 0 | ||
| 999 | |d 312505 | ||